Simulation

Сохранить в:
Библиографические подробности
Главный автор: Ross, Sheldon M (Автор)
Формат:
Язык:английский
Опубликовано: San Diego Academic 2002
Редактирование:3a. ed
Предметы:
Метки: Добавить метку
Нет меток, Требуется 1-ая метка записи!

MARC

LEADER 00000nam a2200000 a 4500
001 UCL4949
003 CL-VaPUC
008 040227e20020000US |||||||||||||||||eng|d
020 |a 0125980531 
082 0 4 |a 003.3  |b ROS  |2 21 
100 0 |a Ross, Sheldon M  |e author  |9 482673 
245 1 0 |a Simulation 
250 |a 3a. ed 
300 |a 274 p 
942 |c BK 
945 |d 20040227 00:00:00  |a cmena 
260 |a San Diego  |b Academic  |c 2002 
650 0 |a Simulación por computador  |9 260988 
650 0 |a Probabilidad y estadística  |9 460869 
650 0 |a Análisis estadístico  |9 269506 
650 7 |a METODO DE MONTECARLO  |2 CL-VaPUC  |9 270705 
583 |a last modification  |c 20121108 09:40:44  |k Rodrigo Vera 
999 |c 307696  |d 307694 
952 |0 0  |1 0  |4 0  |6 003_300000000000000_ROS_2002  |7 0  |8 A  |9 373761  |a BIBING  |b BIBING  |d 2019-11-21  |i 3984788  |o 003.3 ROS 2002  |p 3984788  |r 2024-01-25  |w 2019-11-21  |y BK  |k EII